000 00822cam a22002653a 4500
001 14810
003 PGUSA
005 20140828083321.0
008 050126s2005||||xxu|||||s|||||000 1 eng d
040 _aPGUSA
_beng
042 _adc
050 4 _aPQ
100 1 _aVerne, Jules,
_d1828-1905
245 1 0 _aLa maison à vapeur :
_bVoyage à travers l'Inde septentrionale
_h[electronic resource] /
_cJules Verne
260 _bProject Gutenberg,
_c2005
506 _aPublic domain in the USA.
516 _aElectronic text
653 _aMutiny -- India -- Fiction
653 _aAdventure stories
653 _aIndia -- History -- Sepoy Rebellion, 1857-1858 -- Fiction
653 _aBritish -- India -- Fiction
830 0 _aProject Gutenberg
_v14810
856 4 0 _uhttp://www.gutenberg.org/ebooks/14810
942 _cEB
999 _c244065
_d244065